Исследование сопряженного теплообмена и гидродинамики при движении вязкой несжимаемой жидкости в каверне прямоугольного типа; Прикладная механика и техническая физика; Т. 42, № 5 (249)

Bibliografiske detaljer
Parent link:Прикладная механика и техническая физика.— , 1960-
Т. 42, № 5 (249).— 2001.— [С. 851-856]
Hovedforfatter: Кузнецов Г. В. Гений Владимирович
Andre forfattere: Крайнов А. В. Александр Валерьевич
Summary:Заглавие с экрана
Проведено численное моделирование движения вязкой несжимаемой неизотермической жидкости в открытой полости прямоугольного типа в условиях вынужденной конвекции и сопряженного теплообмена. Исследовано влияние динамического параметра струи (числа Рейнольдса) и режима течения жидкости на характер движения и теплообмен вязкой несжимаемой неизотермической жидкости в кавернах прямоугольного типа. Получена гидродинамическая картина течения вязкой жидкости в открытой каверне в условиях вынужденной конвекции (в сопряженной и несопряженной постановках задачи). Изучено влияние параметров модели на характер движения. Получены температурные профили для твердой и жидкой фаз. Исследовано влияние параметров модели на характер распределения температуры в обеих фазах.
Sprog:russisk
Udgivet: 2001
Fag:
Online adgang:http://sibran.ru/upload/iblock/d21/d218583b62a8e9456b5b9537f5abcce2.pdf
Format: MixedMaterials Electronisk Book Chapter
KOHA link:https://koha.lib.tpu.ru/cgi-bin/koha/opac-detail.pl?biblionumber=640880

MARC

LEADER 00000naa0a2200000 4500
001 640880
005 20250312094707.0
035 |a (RuTPU)RU\TPU\network\5731 
035 |a RU\TPU\network\5730 
090 |a 640880 
100 |a 20150429d2001 k||y0rusy50 ca 
101 0 |a rus 
102 |a RU 
135 |a drnn ---uucaa 
181 0 |a i  
182 0 |a b 
200 1 |a Исследование сопряженного теплообмена и гидродинамики при движении вязкой несжимаемой жидкости в каверне прямоугольного типа  |f Г. В. Кузнецов, А. В. Крайнов 
203 |a Текст  |c электронный 
300 |a Заглавие с экрана 
320 |a [Библиогр.: с. 856 (13 назв.)] 
330 |a Проведено численное моделирование движения вязкой несжимаемой неизотермической жидкости в открытой полости прямоугольного типа в условиях вынужденной конвекции и сопряженного теплообмена. Исследовано влияние динамического параметра струи (числа Рейнольдса) и режима течения жидкости на характер движения и теплообмен вязкой несжимаемой неизотермической жидкости в кавернах прямоугольного типа. Получена гидродинамическая картина течения вязкой жидкости в открытой каверне в условиях вынужденной конвекции (в сопряженной и несопряженной постановках задачи). Изучено влияние параметров модели на характер движения. Получены температурные профили для твердой и жидкой фаз. Исследовано влияние параметров модели на характер распределения температуры в обеих фазах. 
461 |t Прикладная механика и техническая физика  |d 1960- 
463 |t Т. 42, № 5 (249)  |v [С. 851-856]  |d 2001 
610 1 |a электронный ресурс 
610 1 |a труды учёных ТПУ 
610 1 |a сопряженный теплообмен 
610 1 |a конвекция 
610 1 |a жидкость 
610 1 |a математическое моделирование 
610 1 |a модели 
610 1 |a температура 
700 1 |a Кузнецов  |b Г. В.  |c специалист в области теплоэнергетики  |c профессор Томского политехнического университета, доктор физико-математических наук  |f 1949-  |g Гений Владимирович  |3 (RuTPU)RU\TPU\pers\25528  |9 11458 
701 1 |a Крайнов  |b А. В.  |c специалист в области теплотехники  |c доцент Томского политехнического университета, кандидат физико-математических наук  |f 1974-  |g Александр Валерьевич  |3 (RuTPU)RU\TPU\pers\26016  |9 11865 
801 2 |a RU  |b 63413507  |c 20150429  |g RCR 
856 4 |u http://sibran.ru/upload/iblock/d21/d218583b62a8e9456b5b9537f5abcce2.pdf 
942 |c CF